000 00972 a2200229 4500
001 3069
005 20260407155424.0
008 260407a2005 arg spa d
003 AR-UNSa-BCEJYS
040 _aAR-UNSa-BCEJYS
_bspa
_cAR-UNSa-BCEJYS
080 _a336.226.111
_xImpuestos sobre ingresos totales (Ingresos brutos - Convenio Multilateral)
245 1 0 _aConvenio multilateral
_pversión 1.2
020 _a987-01-0433-9
264 1 _aBuenos Aires :
_bErrepar
_c2005
300 _a75 p.
_c27 cm.
505 _a1. Ambito de aplicación del convenio - 2. Régimen general - 3. Regímenes especiales - 4. Iniciación y cese de actividades - 5. Organismos de aplicación - 6. Disposiciones varios - 7. Protocolo adicional
041 _aspa
942 _cBK
590 _aniveau_biblio:m niveau_hierar:0
100 1 _aCeldeiro, Ernesto Carlos
856 4 1 _uhttps://biblioeco.unsa.edu.ar/pmb/images/libros/Convenio Multilateral-l116026.jpg
_yImagen de portada
_qimage/jpeg
999 _c280
_d280